Catalog

Record Details

Catalog Search



Available copies

  • 1 of 1 copy available at LARL/NWRL Consortium.

Current holds

0 current holds with 1 total copy.

Show Only Available Copies
Location Call Number / Copy Notes Barcode Shelving Location Status Due Date
Godel Memorial-Warren Library lp STC (Text) 35500006922718 New Available -

Record details

  • ISBN: 9781720900344
  • ISBN: 1720900345
  • Physical Description: 224 pages (large print) ; 28 cm
  • Edition: Large print edition.
  • Publisher: [Place of publication not identified] : Independently published, [2018]

Content descriptions

General Note:
"An historical Irish mail order bride romance" --T.p.
Subject: Large type books.
Genre: Love stories.
Romance fiction.
Western fiction.
Large print books.
LDR 01157nam a22003497i 4500
001481035
003LARL_NWRL_CONSORTIUM
00520260223103844.0
008260223s2018 xxu gd 000 1 eng d
040 . ‡aNRG ‡beng ‡erda ‡cNRG
020 . ‡a9781720900344 ‡q(large print, paperback)
020 . ‡a1720900345 ‡q(large print, paperback)
035 . ‡a(OCoLC)1574219802
1001 . ‡aSt. Clair, Katherine, ‡eauthor.
24510. ‡aUna's crossroads / ‡cKatherine St. Clair.
250 . ‡aLarge print edition.
264 1. ‡a[Place of publication not identified] : ‡bIndependently published, ‡c[2018]
264 4. ‡c©2018
300 . ‡a224 pages (large print) ; ‡c28 cm
336 . ‡atext ‡btxt ‡2rdacontent
337 . ‡aunmediated ‡bn ‡2rdamedia
338 . ‡avolume ‡bnc ‡2rdacarrier
340 . ‡nlarge print ‡2rdafs
500 . ‡a"An historical Irish mail order bride romance" --T.p.
650 0. ‡aLarge type books. ‡0(LARL_NWRL_CONSORTIUM)24284
655 7. ‡aLove stories. ‡2gsafd
655 7. ‡aRomance fiction. ‡2lcgft
655 7. ‡aWestern fiction. ‡2lcgft
655 7. ‡aLarge print books. ‡2lcgft
901 . ‡a481035 ‡bAUTOGEN ‡c481035 ‡tbiblio

Additional Resources